Doctor Who Decoder - Statistics

General Stats
  • This quiz has been taken 518 times
  • The average score is 13 of 23
Answer Stats
Hint Answer % Correct
The Doctor's species T Time Lord
91%
The Doctor's favourite planet E Earth
87%
First companion from the "new" series R Rose Tyler
87%
Actor of the 1st Doctor W William Hartnell
85%
Creator of the Daleks D Davros
82%
Donna's surname N Noble
81%
Feisty red-headed companion A Amy Pond
78%
Famous train replicated in space O Orient Express
74%
Creature hiding in the library V Vashta Nerada
73%
Mythical Scottish lake-dweller L Loch Ness Monster
63%
Servants prone to becoming possessed O Ood
60%
Ideal world sought by Yana U Utopia
60%
Always take this to a party B Banana
54%
Male companion of the 4th Doctor H Harry Sullivan
53%
Hairy beast controlled by the Great Intelligence Y Yeti
44%
Human or Zygon? O Osgood
42%
One of the Doctor's wives E Elizabeth I
40%
Answer WHATEVER YOU DO, DON'T BLINK
33%
First episode to feature K9: The ____ Enemy I Invisible
30%
Actress of Jo Grant K Katy Manning
28%
Writer of City of Death and Shada D Douglas Adams
25%
DW's equivalent of the Minotaur N Nimon
16%
Drax's nickname for the Doctor T Theta Sigma
13%
No matching quizzes found
Score Distribution
Percent of People with Each Score
Percentile by Number Answered
Your Score History
You have not taken this quiz